Contexto internacional y retos para la inserción comercial de América Latina /

El texto trata sobre las transformaciones a nivel internacional sobre los sistemas socioeconómicos de los países y la existencia de una modificación en la forma de coexistencia e interdependencia internacional. Asimismo, menciona que existe un avance hacia un sistema y funcionamiento internacional h...

Descripció completa

Guardat en:
Dades bibliogràfiques
Autor principal: Granados Carvajal, Evelio
Format: Text
Matèries:
Etiquetes: Afegir etiqueta
Sense etiquetes, Sigues el primer a etiquetar aquest registre!

MARC

LEADER 00000 a a2200000 04500
001 1303
003
040
100 |a Granados Carvajal, Evelio  
245 |a Contexto internacional y retos para la inserción comercial de América Latina /  |c Evelio Granados Carvajal 
520 |a El texto trata sobre las transformaciones a nivel internacional sobre los sistemas socioeconómicos de los países y la existencia de una modificación en la forma de coexistencia e interdependencia internacional. Asimismo, menciona que existe un avance hacia un sistema y funcionamiento internacional homogéneo, limitante de participación equitativa de los países en desarrollo en cuanto a sus posibilidades de cambio social y desarrollo  
650 |a COMERCIO INTERNACIONAL  
650 |a GLOBALIZACION  
650 |a LIBRE COMERCIO  
650 |a AMERICA LATINA  
773 |g número 116; páginas 7-9  
999 |c 22464  |d 22464